| 000 | 00818nam a2200289 a 4500 | ||
|---|---|---|---|
| 003 | AR-BaBNM | ||
| 005 | 20251128210317.0 | ||
| 008 | 082120s2002 ||||||||||||||000 | spa|| | ||
| 040 | _cAR-BaBNM | ||
| 100 | 1 | _aO'Connor, D.J. | |
| 245 | 0 | 0 | _aIntroducción a la filosofía de la educación |
| 250 | _a1ª ed. | ||
| 260 |
_aBuenos Aires _bPaidós _c1971 |
||
| 300 | _a208 p. | ||
| 490 | 0 |
_aBiblioteca del educador contemporáneo _vv. 133 |
|
| 504 | _aContiene bibliografía p. 206-208 | ||
| 650 | 4 | _aFILOSOFIA DE LA EDUCACION | |
| 650 | 4 | _aTEORIA DE LA EDUCACION | |
| 650 | 4 | _aRELIGION | |
| 650 | 4 | _aMORAL | |
| 650 | 4 | _aCONOCIMIENTO | |
| 653 | _aCAPACITACION LABORAL | ||
| 800 | 1 |
_aRomero Brest, Gilda Lamarque de _edirector |
|
| 800 | 1 |
_aBernstein, Jaime _edirector |
|
| 942 | _cBK | ||
| 998 | _cRaquel | ||
| 999 |
_c14897 _d14897 |
||